| 000 | 02827cam a22006014i 4500 | ||
|---|---|---|---|
| 003 | PE-LiUPU | ||
| 005 | 20250731165601.0 | ||
| 008 | 150625s2001 sp a r 000 0 d | ||
| 020 | _a8474328179 | ||
| 020 | _a9788474328172 | ||
| 035 | _a(Sirsi) i9788474328172 | ||
| 040 |
_aPE-LiUPU _bspa _cPE-LiUPU _erda |
||
| 049 | _aPRUA | ||
| 082 | 0 | 4 |
_a001.42 _bB73 2001 |
| 100 | 1 |
_aBooth, Wayne C., _eautor. |
|
| 245 | 1 | 0 |
_aCómo convertirse en un hábil investigador / _cWayne C. Booth, Gregory G. Colomb, Joseph M. Williams. |
| 264 | 1 |
_aBarcelona : _bGedisa, _c2001. |
|
| 300 |
_a318 páginas : _bilustraciones, diágramas ; _c24 centímetros |
||
| 336 |
_atext _2rdacontent |
||
| 337 |
_aunmediated _2rdamedia |
||
| 338 |
_avolume _2rdacarrier |
||
| 490 | 0 |
_aBiblioteca de educación. Herramientas universitarias ; _v6 |
|
| 505 | 0 | _aInvestigación, investigadores y lectores -- Iniciar un proyecto de investigación -- Hacer preguntas y encontrar respuestas -- La planificación de un proyecto -- Hacer una afirmación y defenderla -- Prepararse para hacer un borrador y su revisión -- Consideraciones finales. | |
| 526 | _aSEG44 | ||
| 526 | _aSEG26 | ||
| 526 | _aP151 | ||
| 526 | _aP150 | ||
| 526 | _aP149 | ||
| 526 | _aP146 | ||
| 526 | _aP145 | ||
| 526 | _aP126 | ||
| 526 | _aP125 | ||
| 526 | _aP92 | ||
| 526 | _aP75 | ||
| 526 | _aP74 | ||
| 526 | _aP27 | ||
| 526 | _aP15 | ||
| 541 | _g006-0000243312; | ||
| 650 | 0 | 4 |
_aComprensión de lectura _xEstudio y enseñanza. |
| 650 | 0 | 4 |
_aInvestigación (Ciencia) _xMetodología. |
| 650 | 0 | 4 |
_aInvestigación _xMetodología. |
| 700 | 1 |
_atqv _bwelc _cwelc _d20160706 |
|
| 942 |
_2ddc _cBOOK |
||
| 949 |
_a001.42 B73 _wDEWEY _c1 _i57146 _lCCODEBUL1 _mBUL _p32.00 _r0 _sY _tBOOK _u2015-6-25 _xEDUCACION _PP20 _0COMPRA _o.STAFF. Colección General |
||
| 949 |
_a001.42 B73 2001 _wDEWEY _c1 _iFJ00676 _lCCODEBUJ1 _mBUJ _p36.04 _r0 _sY _tBOOK _u2016-7-6 _xFIA _0SISTEMAS _o.STAFF. Colección General Juliaca |
||
| 949 |
_a001.42 B73 2001 _wDEWEY _c2 _iFJ00686 _lCCODEBUJ1 _mBUJ _p36.04 _r0 _sY _tBOOK _u2016-7-6 _xFIA _0SISTEMAS _0COMPRA _o.STAFF. Colección General Juliaca |
||
| 994 |
_aC0 _bPEPRU |
||
| 596 | _a1 3 | ||
| 999 |
_a001.42 B73 _wDEWEY _c46265 _i57146 _f2021-11-4 _g5 _lCCODEBUL1 _mBUL _p32.00 _r0 _sY _tBOOK _u2015-6-25 _xBIBLIOTECA _PP20 _0COMPRA _o.STAFF. Colección General _d46265 |
||
| 999 |
_a001.42 B73 2001 _wDEWEY _c1 _iFJ00676 _f2021-12-27 _g4 _lCCODEBUJ1 _mBUJ _p36.04 _r0 _sY _tBOOK _u2016-7-6 _xFCE _PP08 _0COMPRA _o.STAFF. Colección General Juliaca |
||
| 999 |
_a001.42 B73 2001 _wDEWEY _c2 _iFJ00686 _f2021-12-27 _g4 _lCCODEBUJ1 _mBUJ _p36.04 _r0 _sY _tBOOK _u2016-7-6 _xFCE _PP08 _0COMPRA _o.STAFF. Colección General Juliaca |
||
| 980 |
_81 _gALBERTO SANCHEZ Responsable de Automatización |
||